| Tag |
First Indicator |
Second Indicator |
Subfields |
| LEADER |
00000pam a2200000 a 4500 |
| 001 |
in00000079282 |
| 005 |
20151008060814.0 |
| 008 |
790613s1980 nyua 00010 engm |
| 010 |
|
|
|a 79016127
|
| 020 |
|
|
|a 007047303X
|
| 035 |
|
|
|a (OCoLC)05126273
|
| 035 |
|
|
|9 AAJ6616AM
|
| 040 |
|
|
|a DLC
|c DLC
|d m.c.
|d TXA
|d UtOrBLW
|
| 049 |
|
|
|a TXAM
|c [932704]
|
| 050 |
0 |
0 |
|a TX307
|b .P52
|
| 082 |
0 |
|
|a 643
|
| 100 |
1 |
|
|a Crohn, Leslie Pickens.
|
| 245 |
1 |
0 |
|a Moving on and getting utilities and saving energy /
|c written by Leslie Pickens and Nancy Sellers for the Northwest Regional Educational Laboratory.
|
| 264 |
|
1 |
|a New York :
|b Gregg Division, McGraw-Hill,
|c [1980]
|
| 264 |
|
4 |
|c ©1980
|
| 300 |
|
|
|a 124 pages :
|b illustrations ;
|c 28 cm.
|
| 336 |
|
|
|a text
|b txt
|2 rdacontent
|
| 337 |
|
|
|a unmediated
|b n
|2 rdamedia
|
| 338 |
|
|
|a volume
|b nc
|2 rdacarrier
|
| 490 |
1 |
|
|a Lifeworks
|
| 650 |
|
0 |
|a Moving, Household.
|
| 650 |
|
0 |
|a Public utilities.
|
| 650 |
|
0 |
|a Dwellings
|x Energy conservation.
|
| 700 |
1 |
|
|a Sellers, Nancy.
|
| 710 |
2 |
|
|a Northwest Regional Educational Laboratory.
|
| 830 |
|
0 |
|a Lifeworks.
|
| 999 |
|
|
|a MARS
|
| 999 |
f |
f |
|s 6fef8d67-9df5-3c48-9c6f-d290a4fb2905
|i 77ecbc43-3fd3-34ed-98ac-8222c0315663
|t 0
|
| 952 |
f |
f |
|p ric
|a Texas A&M University
|b Rellis Campus
|c Joint Library Facility
|d Remote Storage
|t 0
|e TX307 .P52
|h Library of Congress classification
|i unmediated -- volume
|m A14806259688
|
| 998 |
f |
f |
|a TX307 .P52
|t 0
|l Remote Storage
|